书目信息 |
| 题名: |
《古兰经》在中国
|
|
| 作者: | 林松 编著 | |
| 分册: | ||
| 出版信息: | 银川 宁夏人民出版社 2007.03 |
|
| 页数: | 20, 467页, [3] 页图版 | |
| 开本: | 23cm | |
| 丛书名: | ||
| 单 册: | ||
| 中图分类: | B961 | |
| 科图分类: | ||
| 主题词: | ||
| 电子资源: | ||
| ISBN: | 7-227-03392-9 | |
| 000 | 00878nam0 2200241 450 | |
| 001 | 012008016946 | |
| 005 | 20080421171732.48 | |
| 010 | @a7-227-03392-9@dCNY42.00 | |
| 100 | @a20080421d2007 em y0chiy0120 ea | |
| 101 | 0 | @achi |
| 102 | @aCN@b630000 | |
| 105 | @aacf z 000yy | |
| 106 | @ar | |
| 200 | 1 | @a《古兰经》在中国@A《gu lan jing》zai zhong guo@d= The holy quran in China@f林松编著@Flin song bian zhu@zeng |
| 210 | @a银川@c宁夏人民出版社@d2007.03 | |
| 215 | @a20, 467页, [3] 页图版@c图, 肖像@d23cm | |
| 330 | @a本书全面介绍了截至20世纪中国出版的14种《古兰经》全译本的翻译,研究和传播的概况以及对《古兰经》的一些研究成果,是研究《古兰经》文化的权威资料。 | |
| 510 | 1 | @aHoly quran in China@zeng |
| 605 | @a古兰经@Agu lan jing@x研究@y中国 | |
| 690 | @aB961@v4 | |
| 701 | 0 | @a林松@Alin song@4编著 |
| 801 | 0 | @aCN@bQSSK@c20080421 |
| 905 | @b295862-64@dB961@eL512@f3 | |
| 《古兰经》在中国= The holy quran in China/林松编著.-银川:宁夏人民出版社,2007.03 |
| 20, 467页, [3] 页图版:图, 肖像;23cm |
| ISBN 7-227-03392-9:CNY42.00 |
| 本书全面介绍了截至20世纪中国出版的14种《古兰经》全译本的翻译,研究和传播的概况以及对《古兰经》的一些研究成果,是研究《古兰经》文化的权威资料。 |
| ● |
| 相关链接 |
|
|
|
正题名:《古兰经》在中国
索取号:B961/L512
 
预约/预借
| 序号 | 登录号 | 条形码 | 馆藏地/架位号 | 状态 | 备注 |
| 1 | 295862 | 202958629 | 自科二线400A/400A自科库 10排4列3层/ [索取号:B961/L512] | 在馆 | |
| 2 | 295863 | 202958638 | 自科二线400A/400A自科库 11排2列5层/ [索取号:B961/L512] | 在馆 | |
| 3 | 295864 | 202958647 | 自科二线400A/400A自科库 11排3列3层/ [索取号:B961/L512] | 在馆 |